| Tag |
First Indicator |
Second Indicator |
Subfields |
| LEADER |
00000cam a2200000Mi 4500 |
| 001 |
in00002784581 |
| 005 |
20151202171847.0 |
| 008 |
990712s1960 dcu 000 0 eng d |
| 035 |
|
|
|a (OCoLC)ocn246415545
|
| 035 |
|
|
|a (OCoLC)246415545
|
| 040 |
|
|
|a GyGoGBV
|e rakwb
|b ger
|c GBVCP
|d UtOrBLW
|
| 049 |
|
|
|a TXAM
|
| 086 |
|
|
|a I 19.16:334-E
|
| 100 |
1 |
|
|a Jones, David L.
|
| 245 |
1 |
0 |
|a Upper cretaceous pelecypods of the genus Inoceramus from northern Alaska /
|c by David L. Jones and George Gryc.
|
| 264 |
|
1 |
|a Washington, DC :
|b U.S. Gov. Print. Off,
|c 1960.
|
| 300 |
|
|
|a III S., S. 149 - 165 pages, 10 unnumbered pages Bl :
|b illustrations, Kt ;
|c 4.
|
| 336 |
|
|
|a text
|b txt
|2 rdacontent
|
| 337 |
|
|
|a unmediated
|b n
|2 rdamedia
|
| 338 |
|
|
|a volume
|b nc
|2 rdacarrier
|
| 490 |
1 |
|
|a Geological Survey professional paper ;
|v 334-E
|
| 490 |
1 |
|
|a Shorter contribution to general geology
|
| 651 |
|
4 |
|a Alaska
|x Oberkreide
|x Inoceramidae.
|
| 700 |
1 |
|
|a Gryc, George.
|
| 830 |
|
0 |
|a Geological Survey professional paper ;
|v 334-E.
|
| 830 |
|
0 |
|a Shorter contribution to general geology.
|
| 948 |
|
|
|a cataloged
|b h
|c 2012/12/14
|d c
|e mvaldespin
|f 09:02:01 am
|
| 994 |
|
|
|a C0
|b TXA
|
| 999 |
|
|
|a MARS
|
| 999 |
f |
f |
|s 00e2234a-fa12-3bfb-9724-204de36816bf
|i e4abaf6a-72ac-3ea0-aab3-a67fc5311d0e
|t 0
|
| 952 |
f |
f |
|p normal
|a Texas A&M University
|b College Station
|c Sterling C. Evans Library
|d Evans: US Documents (Annex 5th floor)
|t 0
|e I 19.16:332-334
|h Superintendent of Documents classification
|i unmediated -- volume
|m A14833914390
|
| 952 |
f |
f |
|a Texas A&M University
|b College Station
|c Sterling C. Evans Library
|d Evans: US Documents (Annex 5th floor)
|t 0
|e I 19.16:332-334
|h Superintendent of Documents classification
|
| 998 |
f |
f |
|a I 19.16:332-334
|t 0
|l Evans: US Documents (Annex 5th floor)
|